Every college football national champion - Statistics

General Stats
  • This quiz has been taken 22 times
  • The average score is 122 of 153
Answer Stats
Year Answer % Correct
1925 | 1926 | 1930 | +11 others Alabama
100%
1980 | 2021 | 2022 Georgia
100%
1908 | 1958 | 2003 | +2 others LSU
94%
1901 | 1902 | 1903 | +5 others Michigan
94%
1924 | 1929 | 1943 | +7 others Notre Dame
94%
1942 | 1957 | 1968 | +2 others Ohio St
94%
1982 | 2016 | 2018 Clemson
88%
1869 | 1870 | 1872 | +7 others Princeton
88%
1874 | 1876 | 1877 | +13 others Yale
88%
1996 | 2006 | 2008 Florida
81%
1993 | 1999 | 2013 Florida St
81%
1875 | 1890 | 1898 | +5 others Harvard
81%
1983 | 1987 | 1989 | 2001 Miami
81%
1950 | 1955 | 1956 | +3 others Oklahoma
81%
1895 | 1897 Penn
81%
1963 | 1969 | 2005 Texas
81%
1931 | 1932 | 1962 | +4 others USC
81%
2010 Auburn
75%
1954 UCLA
75%
1934 | 1935 | 1936 | +3 others Minnesota
69%
1951 | 1998 Tennessee
69%
1939 Texas A&M
69%
1917 | 1928 Georgia Tech
63%
1952 | 1965 Michigan St
63%
1970 | 1971 | 1994 | 1995 Nebraska
63%
1911 | 1981 | 1986 Penn St
63%
1991 Washington
63%
1920 | 1921 | 1922 California
56%
1915 Cornell
56%
1916 | 1937 | 1976 Pittsburgh
56%
1990 Colorado
44%
1923 | 1927 Illinois
44%
1953 Maryland
44%
1938 TCU
44%
1914 | 1944 | 1945 Army
38%
1984 Brigham Young
38%
1959 Syracuse
38%
1905 Chicago
25%
1896 Lafayette
6%
No matching quizzes found
Score Distribution
Percent of People with Each Score
Percentile by Number Answered
Your Score History
You have not taken this quiz